Los ciclos en educación : principios y lineamientos desde la Pedagogía Dialogante /
Obra en que se propone una revisión de la organización de los grados escolares de primaria (primero-sexto) y secundaria (primero-tercero) en ciclos escolares desarrollados con los principios de la Pedagogía Vinculante y relacionados con el desarrollo de los estudiantes en los niveles cognitivo, valo...
Gorde:
| Beste egile batzuk: | |
|---|---|
| Formatua: | Liburua |
| Hizkuntza: | gaztelania |
| Argitaratua: |
México : Bogotá, Colombia :
Nueva Editorial Iztaccíhuatl ; Cooperativa Editorial Magisterio,
2014, c2014
|
| Saila: | (Pedagogía Dialogante)
|
| Gaiak: | |
| Etiketak: |
Etiketarik gabe, Izan zaitez lehena erregistro honi etiketa jartzen!
|
MARC
| LEADER | 00000nam^a2200000^a^4500 | ||
|---|---|---|---|
| 001 | 000350297 | ||
| 005 | 20250521000000.0 | ||
| 009 | 20260310114936.861 | ||
| 020 | |a 978-607-8345-37-3 | ||
| 037 | |a Acervo ITESO - Biblioteca | ||
| 041 | |a ESP | ||
| 082 | |a 371. 23 |b CIC | ||
| 245 | 0 | 4 | |a Los ciclos en educación : |b principios y lineamientos desde la Pedagogía Dialogante / |c J. de Zubiría Samper... [et al.]. |
| 264 | 4 | |a México : |b Nueva Editorial Iztaccíhuatl ; |a Bogotá, Colombia : |b Cooperativa Editorial Magisterio, |c 2014, c2014 | |
| 300 | |a 273 p. | ||
| 336 | |a texto |b txt |2 rdacontenido | ||
| 337 | |a sin mediación |b n |2 rdamedio | ||
| 338 | |a volumen |b nc |2 rdasoporte | ||
| 440 | 1 | |a (Pedagogía Dialogante) | |
| 520 | |a Obra en que se propone una revisión de la organización de los grados escolares de primaria (primero-sexto) y secundaria (primero-tercero) en ciclos escolares desarrollados con los principios de la Pedagogía Vinculante y relacionados con el desarrollo de los estudiantes en los niveles cognitivo, valorativo, social, lingüístico y praxeológico. | ||
| 521 | |a FIL 2014 Departamento de Educación y Valores | ||
| 649 | |a XX | ||
| 650 | |a Competencia Social | ||
| 650 | |a Competencia Lingüística | ||
| 650 | |a Desarrollo Moral | ||
| 650 | |a Desarrollo Cognoscitivo | ||
| 650 | |a Constructivismo - |x Tema Principal | ||
| 650 | |a Calendario Escolar - |x Tema Principal | ||
| 650 | |a Psicología Educativa | ||
| 650 | |a Administración Educativa | ||
| 650 | |a Educación Integral | ||
| 650 | |a Educación Primaria | ||
| 650 | |a Educación Media Básica | ||
| 700 | |a Zubiría Samper, Julián de |e (autor) | ||
| 910 | |a Fondo General | ||
| 920 | |a Impresos - Libros | ||
| 930 | |a Colección General | ||
| 905 | |a 101 | ||
| 901 | |a 0500240777 |b IT1 |c ACC |i C143301 |u 20250521 | ||
| 902 | |a https://opac.biblio.iteso.mx/vufind/Record/000350297 | ||